| 000 | 00727cam a2200145 4500500 | ||
|---|---|---|---|
| 005 | 20251228073710.0 | ||
| 041 | _afre | ||
| 042 | _adc | ||
| 100 | 1 | 0 |
_aDenti, Mario _eauthor |
| 245 | 0 | 0 | _aPapini Massimiliano, Antichi volti della Repubblica, La ritrattistica in Italia centrale tra IV e II secolo a.C. (Bullettino della Commissione archeologica comunale di Roma, Suppl., 13), Rome, L’Erma di Bretschneider, 2004, 2 vol. 22 × 29, vol. 1 : texte, 556 p., vol. 2 : 200 p. avec 522 fig. |
| 260 | _c2005. | ||
| 500 | _a1 | ||
| 786 | 0 | _nRevue archéologique | 40 | 2 | 2005-09-01 | p. 365y-437y | 0035-0737 | |
| 856 | 4 | 1 | _uhttps://shs.cairn.info/revue-archeologique-2005-2-page-365y?lang=fr&redirect-ssocas=7080 |
| 999 |
_c1595730 _d1595730 |
||